LEADER 03558oam 2200637I 450 001 9910450662403321 005 20200520144314.0 010 $a0-203-35456-7 010 $a1-134-37440-2 010 $a1-280-03135-2 010 $a0-203-56946-6 024 7 $a10.4324/9780203569467 035 $a(CKB)1000000000253355 035 $a(EBL)200389 035 $a(OCoLC)62863293 035 $a(SSID)ssj0000308343 035 $a(PQKBManifestationID)11260633 035 $a(PQKBTitleCode)TC0000308343 035 $a(PQKBWorkID)10251766 035 $a(PQKB)11391038 035 $a(MiAaPQ)EBC200389 035 $a(Au-PeEL)EBL200389 035 $a(CaPaEBR)ebr10098990 035 $a(CaONFJC)MIL3135 035 $a(OCoLC)56578600 035 $a(EXLCZ)991000000000253355 100 $a20180706d2004 uy 0 101 0 $aeng 135 $aur|n|---||||| 181 $ctxt 182 $cc 183 $acr 200 00$aRethinking Vietnam /$fedited by Duncan McCargo 210 1$aLondon ;$aNew York :$cRoutledgeCurzon,$d2004. 215 $a1 online resource (257 p.) 225 1 $aRethinking Southeast Asia 300 $aDescription based upon print version of record. 311 $a0-415-33585-X 311 $a0-415-31621-9 320 $aIncludes bibliographical references (p. [214]-232) and index. 327 $aBook Cover; Title; Contents; List of illustrations; List of contributors; Preface and acknowledgements; List of abbreviations; Vietnam country profile; Introduction; Politics; Political facts about Vietnam; State, party and political change in Vietnam; Rethinking the history of the Vietnamese Communist Party; Key issues in the political economy of post-doi moi Vietnam; Politics in mountain communes: exploring Vietnamese grassroots democracy; Economy; Vietnam's economy; Growth and reform since the Eighth Party Congress 327 $aThe social challenges of reform: restructuring state-owned enterprises in VietnamVietnam's rural transformation: information, knowledge and diversification; Society; Key social facts about Vietnam; Rethinking Vietnam's mass education and health systems; Centralism the dilemma of educational reforms in Vietnam; An emerging civil society? Local associations working on HIV/AIDS; Pursuing success in present-day Vietnam: young graduates in Hanoi; Foreign relations; Vietnam's external relations; Rethinking foreign investment in Vietnam: fuzzy figures and sentiment swings 327 $aRecent changes in Vietnam's foreign policy: implications for Vietnam ASEAN relationsBibliography; Index 330 $aA uniquely comprehensive overview of a fascinating and rapidly changing country, dealing with the politics, economics, society and foreign policy of Vietnam from the Doi Moi reforms of market socialism in 1986 to the present day. Drawing on fieldwork and analysis by an international team of specialists this book covers all aspects of contemporary Vietnam including recent history, the political economy, the reform process, education, health, labour market, foreign direct investment and foreign policy. The contributors show how the blurring of old and new pressures and traditions within Vietnam 410 0$aRethinking Southeast Asia 607 $aVietnam$xHistory 607 $aVietnam 608 $aElectronic books. 676 $a959.704/4 701 $aMcCargo$b Duncan$0572293 801 0$bFlBoTFG 801 1$bFlBoTFG 906 $aBOOK 912 $a9910450662403321 996 $aRethinking Vietnam$92490774 997 $aUNINA LEADER 02249nam0 22004693i 450 001 VAN0095403 005 20130930020122.916 010 $a22-510-1223-0 100 $a20130926d1989 |0itac50 ba 101 $afre$aLAT 102 $aFR 105 $a|||| ||||| 200 1 $aCatilina$aJugurtha$aFragments des histoires$fSalluste$gtexte établi et traduit par Alfred Ernout 205 $a13. tirage$frevu et corrige par J. Hellegouarc'h 210 $aParis$cLes belles lettres$d1989 215 $a313 p. (48-303 paginazione doppia)$d20 cm. - Testo orig. a fronte. 410 1$1001VAN0012281$12001 $aCollection des universités de France$1210 $aParis$cLes belles lettres$1300 $aDal 1991 la collezione si scinde in due sotto collezioni 510 1$3VAN0095474$aˆDe ‰coniuratione Catilinae. 517 1$3VAN0095472$aJugurtha. 517 1$3VAN0095473$aFragments des histoires. 620 $dParis$3VANL000046 700 0$aSallustius$fsec. 4.$3VANV029351$0752440 702 1$aErnout$bAlfred$3VANV075174 702 1$aHellegouarc'h$bJoseph$3VANV076219 712 $aLes belles lettres $3VANV109337$4650 790 0$aSallustius <86-ca. 35 a.C.>$zSallustius $3VANV089460 790 0$aSallustio <86-ca. 35 a.C.>$zSallustius $3VANV089461 790 0$aSallustius Crispus, Caius$zSallustius $3VANV089462 790 1$aSallustio Crispo, Gaio$zSallustius $3VANV047205 790 1$aSallustio Crispo, Caio$zSallustius $3VANV047206 790 0$aSallustius $zSallustius $3VANV208549 790 0$aSallustius $zSallustius $3VANV208550 790 1$aSallustius Crispus, Gaius$zSallustius $3VANV208551 790 0$aSalustio, Saturninio Secundo$zSallustius $3VANV208552 801 $aIT$bSOL$c20230616$gRICA 899 $aBIBLIOTECA DEL DIPARTIMENTO DI GIURISPRUDENZA$1IT-CE0105$2VAN00 912 $aVAN0095403 950 $aBIBLIOTECA DEL DIPARTIMENTO DI GIURISPRUDENZA$d00CONS XVIII.R.213 $e00 2717 20130926 996 $aJugurtha$93011476 996 $aFragments des histoires$93011477 996 $aCatilina$93011475 997 $aUNICAMPANIA